000 01178cas a22002535 4500
001 L152085
008 111107c2010 xxuqr ws s 0 a0eng u
035 _a(Sirsi) u152085
041 0 _aeng
050 _a333.33 $2 18
110 2 _aGrubb & Ellis
_95905
245 0 0 _aU.S. forecast report
_h[electronic resource]
260 _a[S.l.]
_bGrubb & Ellis
_c2010
362 0 _aCurrent year only
490 0 _aGrubb & Ellis U.S. Forecast Report
_v2011
505 0 _aOverview -- Office -- Industrial -- Retail -- Investment -- Multi housing -- Hospitality -- Senior housing -- Medical office -- Selected specialities -- Company profile -- Grubb & Ellis research -- Office Directory -- Contributors and sources
520 _aForecasts US real estate performance for 2011 providing a national overview and analyses of the main sectoral and speciality markets.
554 _aAnnual
650 2 4 _aGRUBB & ELLIS U.S. FORECAST REPORT
651 4 _aUnited States
_y1959-
690 _aPROPERTY-COMMERCIAL PROPERTY-COMMERCIAL PROPERTY MARKET
856 4 8 _uhttps://www.grubb-ellis.com/Forecast2011/Default.htm
_zView the forecast free of charge at www.grubb-ellis.com
942 _n0
999 _c119291
_d119291